Chuyện kể về những nhà vật lý nổi tiếng trên thế giới
Wedi'i Gadw mewn:
| Prif Awdur: | |
|---|---|
| Fformat: | Llyfr |
| Iaith: | Undetermined |
| Cyhoeddwyd: |
Hà Nội
Thanh niên
2005
|
| Pynciau: | |
| Tagiau: |
Ychwanegu Tag
Dim Tagiau, Byddwch y cyntaf i dagio'r cofnod hwn!
|
| Thư viện lưu trữ: | Trung tâm Học liệu Trường Đại học Cần Thơ |
|---|
| LEADER | 00658nam a2200229Ia 4500 | ||
|---|---|---|---|
| 001 | CTU_101573 | ||
| 008 | 210402s9999 xx 000 0 und d | ||
| 020 | |c 40000 | ||
| 082 | |a 530.092 | ||
| 082 | |b T527 | ||
| 100 | |a Vũ Bội Tuyền | ||
| 245 | 0 | |a Chuyện kể về những nhà vật lý nổi tiếng trên thế giới | |
| 245 | 0 | |c Vũ Bội Tuyền | |
| 260 | |a Hà Nội | ||
| 260 | |b Thanh niên | ||
| 260 | |c 2005 | ||
| 526 | |a Lịch sử Vật lý | ||
| 526 | |b SG255 | ||
| 650 | |a physists | ||
| 650 | |x biography | ||
| 904 | |i Minh | ||
| 980 | |a Trung tâm Học liệu Trường Đại học Cần Thơ | ||